000
00264nam a2200097Ia 4500
001
647594
005
20250826153705.0
008
250824s9999 xx 000 0 und d
245
0
_a
BABÜRNAME DEN SEÇMELER ANTİK
_c
BABÜR ŞAH
260
_b
ANTİK DÜNYA KLASİKLERİ
999
_c
647594
_d
647594